000 00743nam a2200241 a 4500
001 000011469
003 AM-YEHGA
005 20250617120449.0
008 030228s1996 ru |||||||||||000|0|rus|d
020 _a354841060X
020 _a5-89350-029-6
040 _aAM-YeHGA
041 1 _arus
_hger
100 1 _aДеринг, Эберхард
245 1 0 _aWindows 95 :
_bСекреты и советы=Die besten 150 Tricks /
_cЭ. Деринг ; Под ред.: С. Молявко.
246 3 1 _aDie besten 150 Tricks
260 _aМосква :
_bБином,
_c1996.
300 _a142 с.
_bил.
650 1 4 _aКомпьютерные программы
700 1 _aМолявко, С.
_eред.
_4edt
942 _cBK
090 _c2756
999 _c2728
_d2728